<?xml version="1.0" encoding="UTF-8"?>
<collection xmlns="http://www.loc.gov/MARC21/slim">
 <record>
  <leader>06376cam a2201057   4500</leader>
  <controlfield tag="001">1618144561</controlfield>
  <controlfield tag="003">DE-627</controlfield>
  <controlfield tag="005">20240923144243.0</controlfield>
  <controlfield tag="007">tu</controlfield>
  <controlfield tag="008">920101s1981    gw |||||      00| ||ger c</controlfield>
  <datafield tag="015" ind1=" " ind2=" ">
   <subfield code="a">81,N17,0015</subfield>
   <subfield code="2">dnb</subfield>
  </datafield>
  <datafield tag="015" ind1=" " ind2=" ">
   <subfield code="a">81,A31,0026</subfield>
   <subfield code="2">dnb</subfield>
  </datafield>
  <datafield tag="016" ind1="7" ind2=" ">
   <subfield code="a">810353059</subfield>
   <subfield code="2">DE-101</subfield>
  </datafield>
  <datafield tag="020" ind1=" " ind2=" ">
   <subfield code="a">3877604196</subfield>
   <subfield code="c">Broschur</subfield>
   <subfield code="9">3-87760-419-6</subfield>
  </datafield>
  <datafield tag="035" ind1=" " ind2=" ">
   <subfield code="a">(DE-627)1618144561</subfield>
  </datafield>
  <datafield tag="035" ind1=" " ind2=" ">
   <subfield code="a">(DE-576)03637203X</subfield>
  </datafield>
  <datafield tag="035" ind1=" " ind2=" ">
   <subfield code="a">(DE-599)DNB810353059</subfield>
  </datafield>
  <datafield tag="035" ind1=" " ind2=" ">
   <subfield code="a">(OCoLC)9802011</subfield>
  </datafield>
  <datafield tag="035" ind1=" " ind2=" ">
   <subfield code="a">(OCoLC)09802011</subfield>
  </datafield>
  <datafield tag="040" ind1=" " ind2=" ">
   <subfield code="a">DE-627</subfield>
   <subfield code="b">ger</subfield>
   <subfield code="c">DE-627</subfield>
   <subfield code="e">rda</subfield>
  </datafield>
  <datafield tag="041" ind1=" " ind2=" ">
   <subfield code="a">ger</subfield>
  </datafield>
  <datafield tag="044" ind1=" " ind2=" ">
   <subfield code="c">XA-DE</subfield>
  </datafield>
  <datafield tag="050" ind1=" " ind2="0">
   <subfield code="a">PT1792</subfield>
  </datafield>
  <datafield tag="082" ind1="0" ind2=" ">
   <subfield code="a">831/.4</subfield>
   <subfield code="a">B</subfield>
  </datafield>
  <datafield tag="082" ind1="0" ind2=" ">
   <subfield code="a">B</subfield>
  </datafield>
  <datafield tag="082" ind1="0" ind2=" ">
   <subfield code="a">831/.4</subfield>
  </datafield>
  <datafield tag="084" ind1=" " ind2=" ">
   <subfield code="a">02a</subfield>
   <subfield code="a">07a</subfield>
   <subfield code="2">sdnb</subfield>
  </datafield>
  <datafield tag="084" ind1=" " ind2=" ">
   <subfield code="a">1</subfield>
   <subfield code="2">ssgn</subfield>
  </datafield>
  <datafield tag="084" ind1=" " ind2=" ">
   <subfield code="a">BM 7191</subfield>
   <subfield code="2">rvk</subfield>
   <subfield code="0">(DE-625)rvk/12861:11597</subfield>
  </datafield>
  <datafield tag="084" ind1=" " ind2=" ">
   <subfield code="a">BO 5385</subfield>
   <subfield code="2">rvk</subfield>
   <subfield code="0">(DE-625)rvk/14563:</subfield>
  </datafield>
  <datafield tag="084" ind1=" " ind2=" ">
   <subfield code="a">GH 9128</subfield>
   <subfield code="2">rvk</subfield>
   <subfield code="0">(DE-625)rvk/40488:11810</subfield>
  </datafield>
  <datafield tag="084" ind1=" " ind2=" ">
   <subfield code="a">11.54</subfield>
   <subfield code="2">bkl</subfield>
  </datafield>
  <datafield tag="084" ind1=" " ind2=" ">
   <subfield code="a">18.10</subfield>
   <subfield code="2">bkl</subfield>
  </datafield>
  <datafield tag="245" ind1="1" ind2="0">
   <subfield code="a">Friedrich Spee von Langenfeld</subfield>
   <subfield code="b">zur Wiederauffindung seines Grabes im Jahre 1980</subfield>
   <subfield code="c">herausgegeben von Anton Arens</subfield>
  </datafield>
  <datafield tag="246" ind1="3" ind2="0">
   <subfield code="a">Jahr neunzehnhundertachtzig</subfield>
  </datafield>
  <datafield tag="264" ind1=" " ind2="1">
   <subfield code="a">Trier</subfield>
   <subfield code="b">Spee-Verlag</subfield>
   <subfield code="c">1981</subfield>
  </datafield>
  <datafield tag="300" ind1=" " ind2=" ">
   <subfield code="a">115 Seiten</subfield>
   <subfield code="b">Illustrationen</subfield>
   <subfield code="c">18 cm</subfield>
  </datafield>
  <datafield tag="336" ind1=" " ind2=" ">
   <subfield code="a">Text</subfield>
   <subfield code="b">txt</subfield>
   <subfield code="2">rdacontent</subfield>
  </datafield>
  <datafield tag="337" ind1=" " ind2=" ">
   <subfield code="a">ohne Hilfsmittel zu benutzen</subfield>
   <subfield code="b">n</subfield>
   <subfield code="2">rdamedia</subfield>
  </datafield>
  <datafield tag="338" ind1=" " ind2=" ">
   <subfield code="a">Band</subfield>
   <subfield code="b">nc</subfield>
   <subfield code="2">rdacarrier</subfield>
  </datafield>
  <datafield tag="500" ind1=" " ind2=" ">
   <subfield code="a">Enthält Texte von und über Friedrich von Spee</subfield>
  </datafield>
  <datafield tag="500" ind1=" " ind2=" ">
   <subfield code="a">Mit 1 Illustration (Reproduktion eines Holzschnitts; Seite [108]-[109]) von HAP Grieshaber. - Auf der Vorderseite des vorderen Banddeckels ist ein Ausschnitt aus dem Holzschnitt zu sehen. Der Holzschnitt stammt aus dem Jahr 1966 und ist im Buch unterschiedlich getitelt: &quot;Friedrich Spee von Langenfeld&quot; (Seite 105 und Seite [107]); &quot;Engel der Geschichte&quot; (Seite 105 und Impressum, Seite [4])</subfield>
  </datafield>
  <datafield tag="500" ind1=" " ind2=" ">
   <subfield code="a">Mit Beiträgen von Heinz Cüppers, Balthasar Fischer, Ricarda Huch, Anton Arens</subfield>
  </datafield>
  <datafield tag="500" ind1=" " ind2=" ">
   <subfield code="a">Quellenverzeichnis Seite 115</subfield>
  </datafield>
  <datafield tag="505" ind1="8" ind2="0">
   <subfield code="t">Die Grablege des Jesuitenpaters Friedrich Spee in der Jesuitenkirche zu Trier</subfield>
   <subfield code="r">von Museumsdirektor Dr. Heinz Cüppers</subfield>
  </datafield>
  <datafield tag="505" ind1="8" ind2="0">
   <subfield code="t">Friedrich Spee von Langenfeld SJ (1591-1635) : ein Zugang zu seiner Persönlichkeit</subfield>
   <subfield code="r">von Professor Dr. Balthasar Fischer</subfield>
  </datafield>
  <datafield tag="505" ind1="8" ind2="0">
   <subfield code="t">Ausgewählte Texte aus den Werken von Friedrich Spee : Cautio criminalis oder Rechtliche Bedenken wegen der Hexenprozesse; Güldenes Tugendbuch; Trutz-Nachtigall; Geistliche Gesänge</subfield>
  </datafield>
  <datafield tag="505" ind1="8" ind2="0">
   <subfield code="t">O Heiland, reiß die Himmel auf!</subfield>
   <subfield code="r">Meditation von Prof. Dr. Balthasar Fischer</subfield>
  </datafield>
  <datafield tag="505" ind1="8" ind2="0">
   <subfield code="t">Friedrich Spee und die Hexenprozesse : Auszüge aus: &quot;Der große Krieg in Deutschland&quot;</subfield>
   <subfield code="r">von Ricarda Huch</subfield>
  </datafield>
  <datafield tag="505" ind1="8" ind2="0">
   <subfield code="t">Der &quot;Engel der Geschichte&quot; Friedrich Spee : Meditation zu HAP Grieshaber, Friedrich Spee von Langenfeld (Holzschnitt 1966)</subfield>
   <subfield code="r">von Regens Dr. Anton Arens</subfield>
  </datafield>
  <datafield tag="583" ind1="1" ind2=" ">
   <subfield code="a">Archivierung/Langzeitarchivierung gewährleistet</subfield>
   <subfield code="f">SSG</subfield>
   <subfield code="x">XA-DE-BW</subfield>
   <subfield code="2">pdager</subfield>
   <subfield code="5">DE-21</subfield>
  </datafield>
  <datafield tag="583" ind1="1" ind2=" ">
   <subfield code="a">Archivierung prüfen</subfield>
   <subfield code="c">20240324</subfield>
   <subfield code="f">DE-4165</subfield>
   <subfield code="z">3</subfield>
   <subfield code="2">pdager</subfield>
  </datafield>
  <datafield tag="600" ind1="1" ind2="0">
   <subfield code="a">Spee, Friedrich von</subfield>
   <subfield code="d">1591-1635</subfield>
  </datafield>
  <datafield tag="600" ind1="1" ind2="0">
   <subfield code="a">Spee, Friedrich von</subfield>
   <subfield code="d">1591-1635</subfield>
   <subfield code="x">Tomb</subfield>
  </datafield>
  <datafield tag="650" ind1=" " ind2="0">
   <subfield code="a">Poets, German</subfield>
   <subfield code="y">Early modern, 1500-1700</subfield>
   <subfield code="v">Biography</subfield>
  </datafield>
  <datafield tag="655" ind1=" " ind2="7">
   <subfield code="a">Aufsatzsammlung</subfield>
   <subfield code="0">(DE-588)4143413-4</subfield>
   <subfield code="0">(DE-627)105605727</subfield>
   <subfield code="0">(DE-576)209726091</subfield>
   <subfield code="2">gnd-content</subfield>
  </datafield>
  <datafield tag="689" ind1="0" ind2="0">
   <subfield code="d">p</subfield>
   <subfield code="0">(DE-588)11861598X</subfield>
   <subfield code="0">(DE-627)133867234</subfield>
   <subfield code="0">(DE-576)163137277</subfield>
   <subfield code="a">Spee, Friedrich von</subfield>
   <subfield code="d">1591-1635</subfield>
   <subfield code="2">gnd</subfield>
  </datafield>
  <datafield tag="689" ind1="0" ind2=" ">
   <subfield code="5">(DE-627)</subfield>
  </datafield>
  <datafield tag="689" ind1="1" ind2="0">
   <subfield code="d">p</subfield>
   <subfield code="0">(DE-588)11861598X</subfield>
   <subfield code="0">(DE-627)133867234</subfield>
   <subfield code="0">(DE-576)163137277</subfield>
   <subfield code="a">Spee, Friedrich von</subfield>
   <subfield code="d">1591-1635</subfield>
   <subfield code="2">gnd</subfield>
  </datafield>
  <datafield tag="689" ind1="1" ind2="1">
   <subfield code="d">s</subfield>
   <subfield code="0">(DE-588)4021716-4</subfield>
   <subfield code="0">(DE-627)106312588</subfield>
   <subfield code="0">(DE-576)208939539</subfield>
   <subfield code="a">Grab</subfield>
   <subfield code="2">gnd</subfield>
  </datafield>
  <datafield tag="689" ind1="1" ind2=" ">
   <subfield code="5">(DE-627)</subfield>
  </datafield>
  <datafield tag="689" ind1="2" ind2="0">
   <subfield code="d">p</subfield>
   <subfield code="0">(DE-588)11861598X</subfield>
   <subfield code="0">(DE-627)133867234</subfield>
   <subfield code="0">(DE-576)163137277</subfield>
   <subfield code="a">Spee, Friedrich von</subfield>
   <subfield code="d">1591-1635</subfield>
   <subfield code="2">gnd</subfield>
  </datafield>
  <datafield tag="689" ind1="2" ind2=" ">
   <subfield code="5">(DE-627)</subfield>
  </datafield>
  <datafield tag="689" ind1="3" ind2="0">
   <subfield code="d">p</subfield>
   <subfield code="0">(DE-588)11861598X</subfield>
   <subfield code="0">(DE-627)133867234</subfield>
   <subfield code="0">(DE-576)163137277</subfield>
   <subfield code="a">Spee, Friedrich von</subfield>
   <subfield code="d">1591-1635</subfield>
   <subfield code="2">gnd</subfield>
  </datafield>
  <datafield tag="689" ind1="3" ind2="1">
   <subfield code="d">s</subfield>
   <subfield code="0">(DE-588)4021716-4</subfield>
   <subfield code="0">(DE-627)106312588</subfield>
   <subfield code="0">(DE-576)208939539</subfield>
   <subfield code="a">Grab</subfield>
   <subfield code="2">gnd</subfield>
  </datafield>
  <datafield tag="689" ind1="3" ind2=" ">
   <subfield code="5">(DE-627)</subfield>
  </datafield>
  <datafield tag="700" ind1="1" ind2=" ">
   <subfield code="a">Arens, Anton</subfield>
   <subfield code="d">1926-1993</subfield>
   <subfield code="e">HerausgeberIn</subfield>
   <subfield code="e">VerfasserIn</subfield>
   <subfield code="0">(DE-588)1012896226</subfield>
   <subfield code="0">(DE-627)662770692</subfield>
   <subfield code="0">(DE-576)167574426</subfield>
   <subfield code="4">edt</subfield>
   <subfield code="4">aut</subfield>
  </datafield>
  <datafield tag="700" ind1="1" ind2=" ">
   <subfield code="a">Spee, Friedrich von</subfield>
   <subfield code="d">1591-1635</subfield>
   <subfield code="e">VerfasserIn</subfield>
   <subfield code="0">(DE-588)11861598X</subfield>
   <subfield code="0">(DE-627)133867234</subfield>
   <subfield code="0">(DE-576)163137277</subfield>
   <subfield code="4">aut</subfield>
  </datafield>
  <datafield tag="700" ind1="1" ind2=" ">
   <subfield code="a">Grieshaber, HAP</subfield>
   <subfield code="d">1909-1981</subfield>
   <subfield code="e">IllustratorIn</subfield>
   <subfield code="0">(DE-588)118639374</subfield>
   <subfield code="0">(DE-627)12214810X</subfield>
   <subfield code="0">(DE-576)161198570</subfield>
   <subfield code="4">ill</subfield>
  </datafield>
  <datafield tag="700" ind1="1" ind2=" ">
   <subfield code="a">Cüppers, Heinz</subfield>
   <subfield code="d">1929-2005</subfield>
   <subfield code="e">VerfasserIn</subfield>
   <subfield code="0">(DE-588)131376020</subfield>
   <subfield code="0">(DE-627)508493692</subfield>
   <subfield code="0">(DE-576)160650305</subfield>
   <subfield code="4">aut</subfield>
  </datafield>
  <datafield tag="700" ind1="1" ind2=" ">
   <subfield code="a">Fischer, Balthasar</subfield>
   <subfield code="d">1912-2001</subfield>
   <subfield code="e">VerfasserIn</subfield>
   <subfield code="0">(DE-588)118533215</subfield>
   <subfield code="0">(DE-627)079333532</subfield>
   <subfield code="0">(DE-576)164058990</subfield>
   <subfield code="4">aut</subfield>
  </datafield>
  <datafield tag="700" ind1="1" ind2=" ">
   <subfield code="a">Huch, Ricarda</subfield>
   <subfield code="d">1864-1947</subfield>
   <subfield code="e">VerfasserIn</subfield>
   <subfield code="0">(DE-588)118554190</subfield>
   <subfield code="0">(DE-627)133843505</subfield>
   <subfield code="0">(DE-576)161505341</subfield>
   <subfield code="4">aut</subfield>
  </datafield>
  <datafield tag="710" ind1="2" ind2=" ">
   <subfield code="a">Spee-Verlag</subfield>
   <subfield code="g">Trier</subfield>
   <subfield code="e">Verlag</subfield>
   <subfield code="0">(DE-588)505945-8</subfield>
   <subfield code="0">(DE-627)101258925</subfield>
   <subfield code="0">(DE-576)191077941</subfield>
   <subfield code="4">pbl</subfield>
  </datafield>
  <datafield tag="787" ind1="0" ind2="8">
   <subfield code="i">Rezensiert in</subfield>
   <subfield code="a">Merten, Jürgen A.</subfield>
   <subfield code="t">[Rezension von: Friedrich Spee von Langenfeld, zur Wiederauffindung seines Grabes im Jahre 1980]</subfield>
   <subfield code="d">1982</subfield>
   <subfield code="w">(DE-627)1860723179</subfield>
  </datafield>
  <datafield tag="889" ind1=" " ind2=" ">
   <subfield code="w">(DE-627)020886233</subfield>
  </datafield>
  <datafield tag="935" ind1=" " ind2=" ">
   <subfield code="a">mteo</subfield>
   <subfield code="a">FBGO</subfield>
  </datafield>
  <datafield tag="935" ind1=" " ind2=" ">
   <subfield code="i">mdedup</subfield>
  </datafield>
  <datafield tag="936" ind1="r" ind2="v">
   <subfield code="a">BM 7191</subfield>
   <subfield code="b">Sekundärliteratur</subfield>
   <subfield code="k">Theologie und Religionswissenschaften</subfield>
   <subfield code="k">Theologie des geistlichen Lebens</subfield>
   <subfield code="k">Quellen zur Theologie des geistlichen Lebens</subfield>
   <subfield code="k">Geistliche Schriftsteller des 16.-18. Jahrhunderts</subfield>
   <subfield code="k">Einzelne Autoren</subfield>
   <subfield code="k">Autoren S</subfield>
   <subfield code="k">Spee, Friedrich SJ (+1635)</subfield>
   <subfield code="k">Sekundärliteratur</subfield>
   <subfield code="0">(DE-627)1271679272</subfield>
   <subfield code="0">(DE-625)rvk/12861:11597</subfield>
   <subfield code="0">(DE-576)201679272</subfield>
  </datafield>
  <datafield tag="936" ind1="r" ind2="v">
   <subfield code="a">BO 5385</subfield>
   <subfield code="b">Nach Personen</subfield>
   <subfield code="k">Theologie und Religionswissenschaften</subfield>
   <subfield code="k">Patrologie und Kirchengeschichte</subfield>
   <subfield code="k">Kirchengeschichte nach Perioden</subfield>
   <subfield code="k">Reformation und Gegenreformation (1517-1648)</subfield>
   <subfield code="k">Darstellungen</subfield>
   <subfield code="k">Nach Personen</subfield>
   <subfield code="0">(DE-627)1270654772</subfield>
   <subfield code="0">(DE-625)rvk/14563:</subfield>
   <subfield code="0">(DE-576)200654772</subfield>
  </datafield>
  <datafield tag="936" ind1="r" ind2="v">
   <subfield code="a">GH 9128</subfield>
   <subfield code="b">Sekundärliteratur</subfield>
   <subfield code="k">Germanistik. Niederlandistik. Skandinavistik</subfield>
   <subfield code="k">Deutsche Literatur</subfield>
   <subfield code="k">Das Zeitalter des Barock</subfield>
   <subfield code="k">Literaturgeschichte</subfield>
   <subfield code="k">Einzelne Autoren</subfield>
   <subfield code="k">Autoren S</subfield>
   <subfield code="k">Spee, Friedrich von</subfield>
   <subfield code="k">Sekundärliteratur</subfield>
   <subfield code="0">(DE-627)1271679280</subfield>
   <subfield code="0">(DE-625)rvk/40488:11810</subfield>
   <subfield code="0">(DE-576)201679280</subfield>
  </datafield>
  <datafield tag="936" ind1="b" ind2="k">
   <subfield code="a">11.54</subfield>
   <subfield code="j">Katholizismus</subfield>
   <subfield code="0">(DE-627)106402668</subfield>
  </datafield>
  <datafield tag="936" ind1="b" ind2="k">
   <subfield code="a">18.10</subfield>
   <subfield code="j">Deutsche Literatur</subfield>
   <subfield code="0">(DE-627)106405047</subfield>
  </datafield>
  <datafield tag="951" ind1=" " ind2=" ">
   <subfield code="a">BO</subfield>
  </datafield>
  <datafield tag="990" ind1=" " ind2=" ">
   <subfield code="a">Spee, Friedrich von</subfield>
  </datafield>
  <datafield tag="990" ind1=" " ind2=" ">
   <subfield code="a">Spee, Friedrich von</subfield>
  </datafield>
  <datafield tag="990" ind1=" " ind2=" ">
   <subfield code="a">Grab</subfield>
  </datafield>
  <datafield tag="990" ind1=" " ind2=" ">
   <subfield code="a">Spee, Friedrich von</subfield>
  </datafield>
  <datafield tag="990" ind1=" " ind2=" ">
   <subfield code="a">Spee, Friedrich von</subfield>
  </datafield>
  <datafield tag="990" ind1=" " ind2=" ">
   <subfield code="a">Grab</subfield>
  </datafield>
  <datafield tag="991" ind1=" " ind2=" ">
   <subfield code="a">Rezensiertes Werk</subfield>
  </datafield>
  <datafield tag="999" ind1=" " ind2=" ">
   <subfield code="a">KXP-PPN1618144561</subfield>
   <subfield code="e">4581930790</subfield>
  </datafield>
 </record>
</collection>
